000 01321nam a2200313 a 4500
001 ebr10459613
003 CaPaEBR
006 m u
007 cr cn|||||||||
008 110427t20072006enk sbf 001 0 eng d
020 _z9781905539123
020 _z9781907830129 (e-book)
040 _aCaPaEBR
_cCaPaEBR
035 _a(OCoLC)666939779
050 1 4 _aRA971.8
_b.N87 2007.eb
245 0 0 _aNurse-facilitated discharge from hospital
_h[electronic resource] /
_cedited by Liz Lees.
246 1 4 _aNurse facilitated hospital discharge
260 _aKeswick [England] :
_bM&K Update,
_c2007, c2006.
300 _axii, 245 p.
504 _aIncludes bibliographical references and index.
505 0 _asection 1. Background and theory -- section 2. Clinical practice considerations -- section 3. Case studies.
533 _aElectronic reproduction.
_bPalo Alto, Calif. :
_cebrary,
_d2011.
_nAvailable via World Wide Web.
_nAccess may be limited to ebrary affiliated libraries.
650 0 _aHospitals
_xAdmission and discharge.
650 0 _aNursing
_vHandbooks, manuals, etc.
655 7 _aElectronic books.
_2local
700 1 _aLees, Liz.
710 2 _aebrary, Inc.
856 4 0 _uhttp://site.ebrary.com/lib/rucke/Doc?id=10459613
_zAn electronic book accessible through the World Wide Web; click to view
999 _c229380
_d229380